Principles of economics / (Record no. 1532)

000 -LEADER
fixed length control field 00913cam a22002894a 4500
001 - CONTROL NUMBER
control field 12252409
003 - CONTROL NUMBER IDENTIFIER
control field OSt
005 - DATE AND TIME OF LATEST TRANSACTION
control field 20150312114648.0
008 - FIXED-LENGTH DATA ELEMENTS--GENERAL INFORMATION
fixed length control field 001207s2002 njua 001 0 eng
010 ## - LIBRARY OF CONGRESS CONTROL NUMBER
LC control number 00068817
020 ## - INTERNATIONAL STANDARD BOOK NUMBER
Cancelled/invalid ISBN 0130406053
040 ## - CATALOGING SOURCE
Original cataloging agency DLC
Transcribing agency DLC
Modifying agency DLC
042 ## - AUTHENTICATION CODE
Authentication code pcc
050 00 - LIBRARY OF CONGRESS CALL NUMBER
Classification number HB171.5.C3123 2002
082 00 - DEWEY DECIMAL CLASSIFICATION NUMBER
Classification number 330
Edition number 21
100 1# - MAIN ENTRY--PERSONAL NAME
Personal name Case, Karl E.
245 10 - TITLE STATEMENT
Title Principles of economics /
Statement of responsibility, etc Karl E. Case, Ray C. Fair.
250 ## - EDITION STATEMENT
Edition statement 6th ed.
260 ## - PUBLICATION, DISTRIBUTION, ETC. (IMPRINT)
Place of publication, distribution, etc Upper Saddle River, N.J. :
Name of publisher, distributor, etc Prentice Hall,
Date of publication, distribution, etc c2002.
300 ## - PHYSICAL DESCRIPTION
Extent xxxvi, 743, G-10, S-21, I-14, P-1, p. :
Other physical details ill. (some col.) ;
Dimensions 29 cm.
500 ## - GENERAL NOTE
General note Includes index.
650 #0 - SUBJECT ADDED ENTRY--TOPICAL TERM
Topical term or geographic name as entry element Economics.
700 1# - ADDED ENTRY--PERSONAL NAME
Personal name Fair, Ray C.
906 ## - LOCAL DATA ELEMENT F, LDF (RLIN)
a 7
b cbc
c orignew
d 1
e ocip
f 20
g y-gencatlg
942 ## - ADDED ENTRY ELEMENTS (KOHA)
Source of classification or shelving scheme
Koha item type Book

No items available.


Riara University Library,
P.O. Box 49940-00100,
Nairobi, Kenya.